000 00242 a2200097 4500
020 _a9789360863029
100 _aNirmal Verma
245 _aDoosri duniya(दूसरी दुनिया)
260 _bRajkamal prakashan
_c2024
942 _cOO
999 _c116318
_d116317